000 00341nam a2200145Ia 4500
008 150201s2013 xx 000 0 und d
082 _a610.73
_bK13B
100 _aBLERMAN, AUDREY
245 _aKOZIER & ERB'S FUNDAMENTALS OF NURSING
250 _a1ST
260 _bPEARSON
_c2013
300 _a1620
650 _aNURSING
942 _2ddc
_cBK
999 _c2200
_d2200